000 00547nam a22001697a 4500
003 OSt
005 20211113161805.0
008 211113b ||||| |||| 00| 0 eng d
022 _22230-8903
_a2230-8903
040 _cInternational Science Press
222 _aInternational Journal Network and mobile Technologies.
245 _aInternational Journal Network and mobile Technologies.
260 _aHaryana
_bInternational Science Press
650 _aMobile Technologies
_vPeriodical
_910357
655 _aPeriodical
_910358
942 _2ddc
_cPR
_s1
999 _c220566
_d220566